Science Quiz

Random Science or Chemistry Quiz

Alkanes Quiz Stats

 Plays Quiz Updated Feb 15, 2019

Support Sporcle.
Go Orange.
Score 0/14 Timer 03:00
4 Plays Today
# of Carbon Atoms Alkane Name % Correct
1Methane
96.5%
8Octane
93.3%
2Ethane
92.6%
6Hexane
90.7%
3Propane
90.6%
5Pentane
90.4%
4Butane
90.2%
# of Carbon Atoms Alkane Name % Correct
10Decane
86.2%
7Heptane
85.4%
9Nonane
83.4%
12Dodecane
61.1%
13Tridecane
38.1%
11Undecane
36.6%
20Eicosane
13.9%

From the Vault

Click a Chuck II

by trusting365

How much wood could a woodchuck chuck if a woodchuck could chuck wood?
Remove Ads.
Support Sporcle.
Get the best of Sporcle when you Go Orange. This ad-free experience offers more features, more stats, and more fun while also helping to support Sporcle. Thank you for becoming a member.

Show Comments

Extras

Top Quizzes Today


Score Distribution

Your Account Isn't Verified!

In order to create a playlist on Sporcle, you need to verify the email address you used during registration. Go to your Sporcle Settings to finish the process.

Report this User

Report this user for behavior that violates our Community Guidelines.

Details: